Văn hóa văn minh; văn hóa chân lý; văn hóa dịch lý /
Van hoa,van minh
Spremljeno u:
| Glavni autor: | |
|---|---|
| Daljnji autori: | |
| Format: | Knjiga |
| Izdano: |
ĐN :
Đa Nang,
2007.
|
| Teme: | |
| Oznake: |
Dodaj oznaku
Bez oznaka, Budi prvi tko označuje ovaj zapis!
|
| Thư viện lưu trữ: | Mạng thư viện Đại học Đà Nẵng |
|---|
| LEADER | 01248cam a22003131a 4500 | ||
|---|---|---|---|
| 001 | 000033164 | ||
| 003 | 9303 | ||
| 005 | 20241003100216.0 | ||
| 008 | 151016s2007 000 vie | ||
| 040 | |a LNN | ||
| 082 | |a 909.829 |b HO-H | ||
| 100 | |a Hoàng Ngọc Hiền | ||
| 245 | 0 | |a Văn hóa văn minh; văn hóa chân lý; văn hóa dịch lý / |c Hoàng Ngọc Hiền. | |
| 260 | |a ĐN : |b Đa Nang, |c 2007. | ||
| 300 | |a 20cm : |b 280tr;. | ||
| 520 | |a Van hoa,van minh |b Van hoa chan ly va van hoa dich ly |x Sưc manh van hoa va su phat trien cua van minh |y Minh triet phương Đong,triet hoc phương Tay | ||
| 650 | |a Lich sư van hoa | ||
| 653 | |b Văn hóa văn minh; văn hóa chân lý; văn hóa dịch lý, văn hóa, xã hội, Hoàng Ngọc Hiền, 2007 | ||
| 700 | |a bien tap: |b Huynh Kim Hung | ||
| OWN | |a LNN | ||
| AVA | |a UDN50 |b LNN |d 909.829 HO-H |e available |t Error 5001 Not defined in file expand_doc_bib_avail. |f 3 |g 0 |h N |i 0 | ||
| 999 | |a From the UDN01 | ||
| AVA | |a UDN50 |b LNN |d 909.829 HO-H |e available |t Error 5001 Not defined in file expand_doc_bib_avail. |f 3 |g 0 |h N |i 0 | ||
| TYP | |a Monograph | ||
| 980 | |a Mạng thư viện Đại học Đà Nẵng | ||